000 00294nam a2200109Ia 4500
008 230320s9999||||xx |||||||||||||| ||spa||
082 _a372.19/G68
100 _aGómez Dacal, Gonzalo
245 0 _aEl Diseño Curricular En La Educación Primaria
260 _bEscuela española
942 _80
_cLIB
999 _c35953
_d35953